000 00544nam a2200193Ia 4500
005 20250508161836.0
008 008 250505s9999 xx 000 0 eng d
037 _aTextual
040 _aFEDL
_beng
_cFEDL
041 _aeng
_2eng
084 _a001.642, STA
_qFEDL
100 _aStark Peter R
_9771656
245 0 _aDigital computer programming
260 _aLondon, UK
_bThe Macmillan Press Limited
_c1967
300 _axv,525p.
650 _aComputer Science
942 _cTEXL
_h001.642, STA
999 _c1372590
_d1372590